Komentár k zákonu o účtovníctve po novelizácii vykonanej zákonom č. 198/2007 Z.z.

Účtovná závierka. Účtovné jednotky povinné zostaviť individuálnu účtovnú závierku podľa Medzinárodných štandardov finančného výkazníctva. Priebežná účtovná závierka. Overovanie účtovnej závierky audítorom. Výročná správa. Zverejňovanie údajov. Konsolidovaná účtovná závierka.

Uložené v:
Podrobná bibliografia
Hlavný autor: Moravcová, Katarína
Médium: Kapitola
Jazyk:Slovak
Predmet:
Tagy: Pridať tag
Žiadne tagy, Buďte prvý, kto otaguje tento záznam!

MARC

LEADER 00000naa$a2200000$$$4500
001 0068992
005 20231106073451.3
041 0 |a slo 
044 |a SK 
245 1 0 |a Komentár k zákonu o účtovníctve po novelizácii vykonanej zákonom č. 198/2007 Z.z.  |c Katarína Moravcová 
520 |a Účtovná závierka. Účtovné jednotky povinné zostaviť individuálnu účtovnú závierku podľa Medzinárodných štandardov finančného výkazníctva. Priebežná účtovná závierka. Overovanie účtovnej závierky audítorom. Výročná správa. Zverejňovanie údajov. Konsolidovaná účtovná závierka. 
610 2 0 |a závierka účtovná 
610 2 0 |a závierka účtovná konsolidovaná 
610 2 0 |a zákony 
610 2 0 |a komentáre 
100 1 |a Moravcová, Katarína